Country by Last 2 Letters Quiz Stats

Quiz Updated Dec 16, 2013

Challenge
Share
Tweet
Embed
Score 0/48 Timer 10:00
21 Plays Today
Last 2 Letters Country % Correct
AQIraq
93.9%
ADChad
79.8%
ZEBelize
69.4%
LYItaly
68.9%
PTEgypt
67.5%
OASamoa
67.5%
WEZimbabwe
66%
EIBrunei
64.8%
WIMalawi
63.9%
JIFiji
62.9%
NYGermany
62.4%
AMVietnam
62%
ILBrazil
60.6%
ERNiger
60.1%
RKDenmark
59.4%
EYTurkey
59.3%
VOKosovo
58.3%
BACuba
56.8%
LUTuvalu
55.3%
TUVanuatu
55.2%
ELIsrael
55.2%
LIMali
54.9%
DIBurundi
54.6%
SHBangladesh
54%
Last 2 Letters Country % Correct
LEChile
52.8%
HOLesotho
52.2%
RGLuxembourg
52%
MAPanama
49.1%
GATonga
47.4%
MESuriname
47.2%
RYHungary
46.6%
ITKuwait
46.4%
UMBelgium
44.4%
OMUnited Kingdom
41.5%
UANicaragua
39.2%
KASri Lanka
38.9%
TYVatican City
37.2%
VAMoldova
36.4%
TAMalta
36.1%
UEMozambique
34.7%
SOBurkina Faso
34.3%
ISSaint Kitts and Nevis
33.4%
RAAndorra
32.6%
PESao Tome and Principe
32.1%
DECabo Verde
30.3%
ROMontenegro
29.3%
NOSan Marino
29.3%
TETimor-Leste
21.9%

You're not logged in!

Compare scores with friends on all Sporcle quizzes.
Join for Free
OR
Log In

You Might Also Like...

Show Comments

Extras

Top Quizzes Today


Score Distribution

Your Account Isn't Verified!

In order to create a playlist on Sporcle, you need to verify the email address you used during registration. Go to your Sporcle Settings to finish the process.

Report this User

Report this user for behavior that violates our Community Guidelines.

Details: